Sports Quiz

Random Sports or WWE Quiz

Bobby Eaton ****+ Partners & Opponents Quiz Stats

 Plays Quiz not verified by Sporcle

Support Sporcle.
Go Orange.
Score 0/50 Timer 05:00
0 Plays Today
Event Opponents & Partners % Correct
**** WCW Clash of the Champions XVIII - 6 Man TagArn Anderson
90.9%
***** WCW WrestleWar '92 - WarGamesArn Anderson
90.9%
**** ECW When Worlds Collide - TagArn Anderson
90.9%
**** NWA Jim Crockett Sr. Memorial Cup '87 Day 2 - Quarter FinalRoad Warrior Animal
87.9%
**** NWA Jim Crockett Sr. Memorial Cup '87 Day 2 - Quarter FinalRoad Warrior Hawk
87.9%
**** NWA The Great American Bash '89 - WarGamesRoad Warrior Animal
87.9%
**** NWA The Great American Bash '89 - WarGamesRoad Warrior Hawk
87.9%
**** NWA Jim Crockett Sr. Memorial Cup '87 Day 2 - Quarter FinalStan Lane
86.9%
****¼ NWA Clash of the Champions - United States Tag TitlesStan Lane
86.9%
**** NWA MACW Show 10/06/88 - TagStan Lane
86.9%
**** NWA The Great American Bash '88 - United States Tag TitlesStan Lane
86.9%
**** NWA Clash of the Champions IV - TagStan Lane
86.9%
**** NWA The Great American Bash '89 - WarGamesStan Lane
86.9%
****¼ NWA WrestleWar '90 - TagStan Lane
86.9%
****¾ NWA The Great American Bash '90 - United States Tag TitlesStan Lane
86.9%
***** WCW WrestleWar '92 - WarGamesSting
85.9%
**** WCW Clash of the Champions XVIII - 6 Man TagDustin Rhodes
84.8%
***** WCW WrestleWar '92 - WarGamesDustin Rhodes
84.8%
**** NWA Clash of the Champions IV - TagRic Flair
81.8%
***** WCW WrestleWar '92 - WarGamesSteve Austin
79.8%
****¼ NWA WrestleWar '90 - TagRicky Morton
78.8%
***** WCW WrestleWar '92 - WarGamesRicky Steamboat
78.8%
****¼ NWA WrestleWar '90 - TagRobert Gibson
77.8%
***** WCW WrestleWar '92 - WarGamesRick Rude
75.8%
**** NWA Clash of the Champions IV - TagBarry Windham
74.7%
Event Opponents & Partners % Correct
**** NWA The Great American Bash '89 - WarGamesTerry Gordy
74.7%
**** WCW Clash of the Champions XVIII - 6 Man TagBarry Windham
74.7%
***** WCW WrestleWar '92 - WarGamesBarry Windham
74.7%
**** NWA The Great American Bash '89 - WarGamesMichael Hayes
73.7%
***** WCW WrestleWar '92 - WarGamesNikita Koloff
69.7%
****¼ NWA WCCW 2nd Von Erich Memorial Parade of Champions - Two Ring No DQ for the NWA American Tag Team TitlesDennis Condrey
68.7%
**** NWA The Great American Bash '89 - WarGamesJimmy Garvin
67.7%
**** WCW Clash of the Champions XVIII - 6 Man TagLarry Zbyszko
66.7%
***** WCW WrestleWar '92 - WarGamesLarry Zbyszko
66.7%
**** ECW When Worlds Collide - TagTerry Funk
66.7%
**** NWA The Great American Bash '89 - WarGamesSteve Williams
62.6%
**** WCW Clash of the Champions XVIII - 6 Man TagRon Simmons
61.6%
****¼ NWA Clash of the Champions - United States Tag TitlesBobby Fulton
56.6%
****¼ NWA Clash of the Champions - United States Tag TitlesTommy Rogers
56.6%
**** NWA MACW Show 10/06/88 - TagBobby Fulton
56.6%
**** NWA MACW Show 10/06/88 - TagTommy Rogers
56.6%
**** NWA The Great American Bash '88 - United States Tag TitlesBobby Fulton
56.6%
**** NWA The Great American Bash '88 - United States Tag TitlesTommy Rogers
56.6%
**** NWA The Great American Bash '89 - WarGamesFatu
56.6%
****¼ NWA WCCW 2nd Von Erich Memorial Parade of Champions - Two Ring No DQ for the NWA American Tag Team TitlesTommy Rogers
56.6%
****¼ NWA WCCW 2nd Von Erich Memorial Parade of Champions - Two Ring No DQ for the NWA American Tag Team TitlesBobby Fulton
56.6%
**** ECW When Worlds Collide - TagSabu
56.6%
**** NWA The Great American Bash '89 - WarGamesSamu
55.6%
****¾ NWA The Great American Bash '90 - United States Tag TitlesSteve Armstrong
54.5%
****¾ NWA The Great American Bash '90 - United States Tag TitlesTracy Smothers
52.5%

You're not logged in!

Compare scores with friends on all Sporcle quizzes.
OR
Log In

From the Vault

Country Per Letter: South America

by NO_r_WAY

With only 12 countries, it seems like there will be some letters feeling left out.
Remove Ads.
Support Sporcle.
Get the best of Sporcle when you Go Orange. This ad-free experience offers more features, more stats, and more fun while also helping to support Sporcle. Thank you for becoming a member.

Show Comments

Extras

Top Quizzes Today


Score Distribution

Your Account Isn't Verified!

In order to create a playlist on Sporcle, you need to verify the email address you used during registration. Go to your Sporcle Settings to finish the process.

Report this User

Report this user for behavior that violates our Community Guidelines.

Details: